Statistiques concernant Frontières de la Turquie

Cliquez ici pour prendre le quiz!

Statistiques générales

  • Ce quiz a été pris 109 fois
    (106 depuis la dernière actualisation)
  • Le résultat moyen est 7 sur 8

Statistiques - réponses

Km2Pays% Correct
822Syrie
97%
268Arménie
93%
352Irak
93%
206Grèce
90%
499Iran
90%
252Géorgie
88%
17Azerbaïdjan
87%
240Bulgarie
83%

Distribution des résultats

Percentile par nombre de réponses

% des personnes avec chaque résultat

Votre développement - résultats

Vous n’avez pas pris ce quiz depuis la dernière actualisation